Loading...

General studies manual 2003: for the UPSC civil services preliminary examination /

Bibliographic Details
Format: Printed Book
Published: New Delhi: TMGH, 2003.
Edition:1st.
Subjects:
LEADER 00502cam a2200145ua 4500
999 |c 30199  |d 30199 
020 |a 0-07-049968-3 
082 |a 001.076  |b GEN 
245 0 0 |a General studies manual 2003: for the UPSC civil services preliminary examination /  
250 |a 1st. 
260 |a New Delhi:  |b TMGH,  |c 2003. 
300 |a xxxix,k114,1830p.. 
650 0 |a General studies-Examinations 
942 |c CC 
952 |0 0  |1 0  |4 0  |6 001_076000000000000_GEN  |7 0  |9 32014  |a KUCL  |c Reference  |d 2014-05-23  |l 0  |o 001.076 GEN  |p 10104  |r 2017-03-09  |y CC